[Event "chess.com SpeedChess Q2Sw"]
[Site "chess.com INT"]
[Date "2022.11.12"]
[Round "14"]
[White "Gubajdullin, Alexei"]
[Black "Kazakov, Mikhail"]
[Result "1/2-1/2"]
[WhiteTitle "FM"]
[BlackTitle "GM"]
[WhiteElo "2300"]
[BlackElo "2513"]
[WhiteFideId "4141202"]
[BlackFideId "14102749"]
[EventDate "2022.11.12"]

1. d4 Nf6 2. Nf3 e6 3. Bf4 b6 4. e3 Bb7 5. h3 Be7 6. Be2 O-O 7. O-O d5 8. a4 a6
9. a5 b5 10. Ne5 c5 11. Nd2 Nbd7 12. c3 Ne4 13. Nxe4 dxe4 14. Nxd7 Qxd7 15. dxc5
Qxd1 16. Rfxd1 Bxc5 17. Bd6 Bxd6 18. Rxd6 Rfd8 19. Rad1 Bd5 20. Rxd8+ Rxd8 21.
c4 bxc4 22. Bxc4 Kf8 23. b4 Rb8 24. Bxd5 exd5 25. Rxd5 Rxb4 26. Rd6 g5 27. Rxa6
Ra4 28. Kh2 h5 29. h4 gxh4 30. Kh3 Ra2 31. Ra8+ Kg7 32. a6 Rxf2 33. a7 Ra2 34.
Kxh4 Ra5 35. Kg3 Kf6 36. Kf4 Ra4 37. g3 Kg7 38. Kg5 Ra5+ 39. Kh4 Kh7 40. Kh3 Ra2
41. Kh4 Ra5 42. Kh3 Ra2 43. g4 hxg4+ 44. Kxg4 Ra4 45. Kf5 Kg7 46. Ke5 Ra1 47.
Kxe4 Kf6 48. Kf4 Rf1+ 49. Ke4 Ra1 50. Kd3 Rd1+ 51. Kc4 Ra1 52. Kb5 Rb1+ 53. Kc6
Ra1 54. e4 Rc1+ 55. Kb6 Rb1+ 56. Kc5 Rc1+ 57. Kd4 Rd1+ 58. Ke3 Re1+ 59. Kf2 Ra1
60. Kf3 Ra3+ 61. Kf4 Ra4 62. Kf3 Ra3+ 63. Kg4 Ra4 64. Kf4 Ra1 65. e5+ Kg7 66.
Ke4 Re1+ 67. Kd5 Rd1+ 68. Kc5 Rc1+ 69. Kb6 Rb1+ 70. Kc6 Rc1+ 71. Kd6 Rd1+ 72.
Ke7 Ra1 73. Kd6 Rd1+ 74. Kc5 Rc1+ 75. Kb4 Rb1+ 76. Kc3 Ra1 77. Kb2 Ra6 78. Kb3
Ra1 79. Kb4 Rb1+ 80. Ka5 Ra1+ 81. Kb6 Rb1+ 82. Kc6 Rc1+ 83. Kd6 Rd1+ 1/2-1/2

[Event "chess.com SpeedChess Q2Sw"]
[Site "chess.com INT"]
[Date "2022.11.12"]
[Round "14"]
[White "Nenezic, Marko"]
[Black "Eljanov, Pavel"]
[Result "1-0"]
[WhiteTitle "IM"]
[BlackTitle "GM"]
[WhiteElo "2510"]
[BlackElo "2706"]
[WhiteFideId "912123"]
[BlackFideId "14102951"]
[EventDate "2022.11.12"]

1. d4 d5 2. c4 c6 3. Nf3 Nf6 4. Nc3 a6 5. c5 Bf5 6. Bf4 Nbd7 7. h3 e6 8. e3 Be7
9. Be2 O-O 10. O-O Ne4 11. Nd2 Nxd2 12. Qxd2 Bf6 13. Bd6 Be7 14. Bxe7 Qxe7 15.
f4 Nf6 16. b4 Ne4 17. Nxe4 Bxe4 18. Bd3 f5 19. Bxe4 fxe4 20. Qe2 Rf6 21. g4 Raf8
22. g5 Rf5 23. h4 h6 24. Qg4 Kh7 25. a4 Qf7 26. Rab1 h5 27. Qe2 e5 28. dxe5 d4
29. exd4 Rxf4 30. Rxf4 Qxf4 31. Rf1 Qg3+ 32. Qg2 Rxf1+ 33. Kxf1 Qxh4 34. e6 Kg8
35. Ke2 Qf4 36. g6 Kf8 37. Qh3 Qg4+ 38. Qxg4 hxg4 39. d5 Ke7 40. b5 axb5 41.
dxc6 bxc6 42. a5 b4 43. a6 b3 44. a7 b2 45. a8=Q b1=Q 46. Qa7+ Kxe6 47. Qf7+ Ke5
48. Qxg7+ Kf4 49. Qf6+ Kg3 50. Qe5+ Kh3 51. g7 Qd3+ 52. Ke1 Qe3+ 53. Kd1 Qd3+
54. Kc1 Qc4+ 55. Kb2 Qb4+ 56. Kc2 Qa4+ 57. Kd2 Qa2+ 58. Ke3 Qb3+ 59. Kf4 Qf3+
60. Kg5 g3 61. Qe6+ Kh2 62. g8=Q g2 63. Qh8+ Kg1 64. Qee5 Kf1 65. Qa1+ Kf2 66.
Qhb2+ Kg3 67. Qe5+ Kh3 68. Qe6+ Kg3 69. Qe1+ Kh2 70. Qe5+ Kh3 71. Qh8+ 1-0

[Event "chess.com SpeedChess Q2Sw"]
[Site "chess.com INT"]
[Date "2022.11.12"]
[Round "14"]
[White "Vokhidov, Shamsiddin"]
[Black "Shipov, Sergei"]
[Result "1/2-1/2"]
[WhiteTitle "GM"]
[BlackTitle "GM"]
[WhiteElo "2568"]
[BlackElo "2541"]
[WhiteFideId "14204223"]
[BlackFideId "4113624"]
[EventDate "2022.11.12"]

1. e4 e6 2. d4 d5 3. Nc3 Bb4 4. Ne2 Ne7 5. a3 Ba5 6. g3 O-O 7. Bg2 dxe4 8. Bxe4
Nd7 9. O-O Nf6 10. Bg2 Rb8 11. b4 Bb6 12. Na4 Bd7 13. c4 Bxa4 14. Qxa4 c6 15.
Bf4 Bc7 16. Qxa7 Bxf4 17. Nxf4 Qc7 18. Qc5 Rfd8 19. Rfe1 Nf5 20. Rad1 Nd7 21.
Qa5 Qxa5 22. bxa5 Ra8 23. d5 exd5 24. cxd5 c5 25. d6 Rxa5 26. Bxb7 Rxa3 27. Nd5
Nd4 28. Re7 Kf8 29. Nf4 Nf5 30. Ree1 Nf6 31. d7 Rxd7 32. Rxd7 Nxd7 33. Bc8 Ra7
34. Bxd7 Rxd7 35. Re5 g6 36. Rxc5 Rd2 37. Rc7 h5 38. Rc5 Nd4 39. Kg2 Kg7 40. Rd5
Nb3 41. Rb5 Nd4 42. Rb7 Kf6 43. Rb6+ Kg7 44. Rd6 Nb3 45. Rb6 Nd4 46. Rb7 Kf6 47.
Nd5+ Kg7 48. Nc3 Nf5 49. Ne4 Re2 50. Ng5 Re7 51. Rb8 f6 52. Nf3 g5 53. h3 Nd6
54. Rb6 Ne4 55. Rb5 Kg6 56. h4 g4 57. Nd4 Rd7 58. Rb4 f5 59. Rb6+ Rd6 60. Rb4
Kf6 61. Ra4 Ke5 62. Nb3 Rd3 63. Ra5+ Kf6 64. Nc5 Nxc5 65. Rxc5 Rd6 66. Rc7 Kg6
67. Rc8 Kg7 68. Re8 Rf6 69. Re7+ Kg6 70. Re8 Kg7 71. Re7+ Kg6 72. Re8 Kg7 1/2-1/2

[Event "chess.com SpeedChess Q2Sw"]
[Site "chess.com INT"]
[Date "2022.11.12"]
[Round "14"]
[White "Salman, Pavel"]
[Black "Aradhya, Garg"]
[Result "0-1"]
[WhiteTitle "FM"]
[BlackTitle "FM"]
[WhiteElo "2287"]
[BlackElo "2289"]
[WhiteFideId "24153753"]
[BlackFideId "25006746"]
[EventDate "2022.11.12"]

1. Nf3 Nf6 2. g3 g6 3. Bg2 Bg7 4. O-O O-O 5. d3 d5 6. Nbd2 c5 7. e4 Nc6 8. Re1
b6 9. c3 e6 10. e5 Nd7 11. d4 Ba6 12. h4 Rc8 13. Nf1 cxd4 14. cxd4 Nb4 15. Ne3
Nd3 16. Ng4 Nxe1 17. Qxe1 h5 18. Bg5 hxg4 19. Bxd8 gxf3 20. Be7 Rfe8 21. Bxf3
Rxe7 22. h5 gxh5 23. Bxh5 f6 24. Kg2 fxe5 25. Qe3 Bb7 26. Qg5 Kf8 27. Re1 exd4
28. Bg4 Nf6 29. Rxe6 Rxe6 30. Bxe6 Re8 31. Bf5 Ba6 32. g4 d3 33. Qf4 Kg8 34. g5
Ne4 35. Qh4 d2 36. Bh7+ Kf8 37. Qf4+ Ke7 38. Qc7+ Ke6 39. f4 Nd6 40. f5+ Nxf5
41. Bxf5+ Kxf5 42. Qf7+ Kg4 43. Qf3+ Kxg5 44. Qxd5+ Be5 45. Qxd2+ Kf6 46. Qf2+
Ke7 47. Qh4+ Bf6 48. Qh7+ Ke6 49. Qxa7 Bc8 50. Qxb6+ Ke7 51. Qc7+ Bd7 52. b4 Rc8
53. Qa7 Rc2+ 54. Kf3 Rc3+ 55. Ke2 Rc2+ 56. Kd3 Rc3+ 57. Kd2 Rc4 58. b5 Rd4+ 59.
Ke3 Rd5 60. b6 Bd4+ 61. Ke4 Rd6 62. Qa3 Bxb6 63. Ke5 Bc7 64. Qc5 Kd8 65. Kf4
Rc6+ 0-1

[Event "chess.com SpeedChess Q2Sw"]
[Site "chess.com INT"]
[Date "2022.11.12"]
[Round "14"]
[White "Jumabayev, Rinat"]
[Black "Yoo, Christopher Woojin"]
[Result "0-1"]
[WhiteTitle "GM"]
[BlackTitle "GM"]
[WhiteElo "2620"]
[BlackElo "2573"]
[WhiteFideId "13702661"]
[BlackFideId "30909694"]
[EventDate "2022.11.12"]

1. Nf3 Nf6 2. g3 b5 3. Bg2 Bb7 4. Na3 a6 5. c4 b4 6. Nc2 c5 7. d4 cxd4 8. Qxd4
e6 9. O-O Nc6 10. Qd3 Bc5 11. Be3 Qb6 12. Rfd1 O-O 13. b3 a5 14. Qd6 Ne4 15.
Bxc5 Qxc5 16. Qxc5 Nxc5 17. Nfe1 Rfb8 18. Nd3 Nxd3 19. Rxd3 Ne5 20. Rd2 Bxg2 21.
Kxg2 Rb7 22. Rad1 Raa7 23. Nd4 Ra6 24. h3 g5 25. f4 gxf4 26. gxf4 Ng6 27. Kf3
Kf8 28. e4 Ke7 29. Nb5 a4 30. e5 axb3 31. axb3 Nh4+ 32. Ke4 Nf5 33. Rg1 Ra8 34.
Rg5 f6 35. Rg1 Kf7 36. Rdg2 d5+ 37. exd6 Rd8 38. Rd2 Rb6 39. Rgd1 Rc6 40. Kf3
Rd7 41. Rd3 h5 42. R1d2 Rc5 43. Ke4 Rc6 44. Kf3 Rc5 45. Kf2 h4 46. Kf3 Rc6 47.
Ke4 Rc5 48. Kf3 Rc6 49. Ke2 Rc8 50. Nd4 Ng3+ 51. Kf3 Rxd6 52. Nb5 Rxd3+ 53. Rxd3
Ke7 54. Nd4 Kf7 55. Re3 Re8 56. Nc6 Rc8 57. Nxb4 Nf5 58. Rd3 Rg8 59. Kf2 Rg6 60.
Nc6 Ke8 61. Nd4 Nxd4 62. Rxd4 Rg3 63. b4 Rxh3 64. b5 Rb3 65. Rd6 Ke7 66. Rc6 h3
67. b6 h2 68. Kg2 Rb2+ 69. Kh1 e5 70. fxe5 fxe5 71. Rc7+ Ke6 72. c5 e4 73. b7 e3
74. Rc6+ Kd5 75. Rb6 e2 76. Rxb2 e1=Q+ 77. Kxh2 Qe5+ 78. Kg2 Qxb2+ 79. Kf3 Qxb7 0-1

[Event "chess.com SpeedChess Q2Sw"]
[Site "chess.com INT"]
[Date "2022.11.12"]
[Round "14"]
[White "Singh, Arvinder Preet"]
[Black "Deev, Andrei"]
[Result "0-1"]
[WhiteTitle "FM"]
[BlackTitle "IM"]
[WhiteElo "2148"]
[BlackElo "2390"]
[WhiteFideId "5013240"]
[BlackFideId "4102690"]
[EventDate "2022.11.12"]

1. e4 d6 2. d4 Nf6 3. Nc3 c6 4. f4 Qa5 5. Bd3 e5 6. Nf3 Bg4 7. Be3 Nbd7 8. O-O
Be7 9. h3 Bh5 10. a3 O-O 11. Qd2 Bxf3 12. Rxf3 Bd8 13. b4 Qc7 14. Raf1 a5 15. b5
c5 16. fxe5 cxd4 17. exd6 Qxc3 18. Qxc3 dxc3 19. Bd4 Re8 20. Bxc3 Bb6+ 21. Kh2
Ne5 22. Rf5 Nfd7 23. Bd2 Bc5 24. a4 Bxd6 25. Kh1 b6 26. Be2 Rac8 27. Bd1 g6 28.
R5f2 Nc4 29. Bc1 Nde5 30. Re1 Bb4 31. Ref1 Bc5 32. Re2 Rcd8 33. Bf4 Rd7 34. Ree1
Red8 35. Be2 Kg7 36. Bc1 Bb4 37. Rd1 Rxd1 38. Bxd1 Rxd1 39. Rxd1 Bc5 40. Rd8 h6
41. Rc8 Nd6 42. Rb8 Nxe4 43. Bb2 Kf6 44. Re8 Bd6 45. Rd8 Ke6 46. Re8+ Kd5 47.
Rd8 Nc5 48. Bxe5 Kxe5 49. c4 Nxa4 50. Kg1 Nc5 51. Kf2 a4 52. Ra8 Kd4 53. Ke2
Kxc4 54. Ke3 Kxb5 55. g4 f6 56. h4 Be5 57. Kd2 Kb4 58. Kc2 a3 59. g5 hxg5 60.
hxg5 fxg5 61. Kb1 Kb3 62. Ra7 b5 63. Ra5 Kb4 64. Ra8 Na4 65. Ra6 Kb3 66. Ra5 a2+
67. Kc1 a1=Q+ 68. Kd2 Qc3+ 69. Ke2 Qxa5 70. Kf3 Qb6 71. Kg4 Qd4+ 72. Kh3 Qf4 73.
Kg2 Qg3+ 74. Kf1 Qh2 75. Ke1 Kc3 76. Kd1 Qd2# 0-1

[Event "chess.com SpeedChess Q2Sw"]
[Site "chess.com INT"]
[Date "2022.11.12"]
[Round "14"]
[White "Demidov, Mikhail"]
[Black "Sellitti, Federico"]
[Result "0-1"]
[WhiteTitle "GM"]
[WhiteElo "2568"]
[BlackElo "2176"]
[WhiteFideId "4197143"]
[BlackFideId "821829"]
[EventDate "2022.11.12"]

1. Nf3 Nf6 2. g3 g6 3. b3 Bg7 4. Bb2 O-O 5. Bg2 c5 6. c4 Nc6 7. O-O d6 8. d4
cxd4 9. Nxd4 Bd7 10. Nc2 a6 11. Nc3 Rb8 12. Rc1 Qa5 13. Ne3 b5 14. cxb5 axb5 15.
Qd2 Rfc8 16. Rfd1 Be6 17. h3 b4 18. Na4 Ne5 19. Rxc8+ Rxc8 20. Nc2 Rb8 21. Nd4
Bd7 22. f4 Bxa4 23. fxe5 dxe5 24. Nf3 Bc6 25. Bxe5 Ne4 26. Qf4 Qb6+ 27. Kh2 Nc3
28. Rd4 Nxe2 29. Qe3 Bxe5 30. Qxe5 Bxf3 31. Rd1 f6 32. Qxe7 Bxg2 33. Kxg2 Nd4
34. g4 Ra8 35. Rd2 Ne6 36. Qxf6 Qe3 37. Qf2 Qxf2+ 38. Kxf2 Nc5 39. Ke3 Re8+ 40.
Kf3 Kf7 41. Rd5 Ne6 42. h4 Ra8 43. Rd2 h6 44. Ke4 Kf6 45. Rf2+ Ke7 46. Kd5 g5
47. hxg5 hxg5 48. Kc4 Rb8 49. Re2 Kd6 50. Rd2+ Ke5 51. Re2+ Kf6 52. Rf2+ Nf4 53.
Rh2 Ke5 54. Rh7 Ke4 55. Rg7 Ne6 56. Rg6 Rb6 57. Rf6 Ke5 58. Rf5+ Ke4 59. Rf6 Ke5
60. Rf5+ Kd6 61. Rd5+ Ke7 62. Re5 Kf6 63. Rf5+ Kg6 64. Re5 Nf4 65. Rf5 Ra6 66.
Kxb4 Rxa2 67. Kb5 Rg2 68. b4 Rxg4 69. Rc5 Rg2 70. Rc6+ Kf5 71. Ka6 Rb2 72. b5
Nd5 73. Rc5 Ke6 74. Ka7 g4 75. Rc4 g3 76. Rg4 g2 77. Rg3 Nf4 78. b6 Ra2+ 79. Kb8
Ra1 80. b7 g1=Q 81. Rxg1 Rxg1 82. Ka8 Ra1+ 83. Kb8 Kd6 84. Kc8 Rc1+ 85. Kd8 Ne6+
86. Ke8 Rb1 87. Kf7 Rxb7+ 88. Kf6 Nc5 0-1

[Event "chess.com SpeedChess Q2Sw"]
[Site "chess.com INT"]
[Date "2022.11.12"]
[Round "14"]
[White "Aghasiyev, Kamal"]
[Black "Ter-Sahakyan, Samvel"]
[Result "1/2-1/2"]
[WhiteTitle "IM"]
[BlackTitle "GM"]
[WhiteElo "2441"]
[BlackElo "2605"]
[WhiteFideId "13402854"]
[BlackFideId "13302531"]
[EventDate "2022.11.12"]

1. d4 Nf6 2. Nf3 d5 3. Bg5 Ne4 4. Bf4 Bf5 5. Nbd2 Nd7 6. e3 e6 7. Be2 Be7 8. h3
O-O 9. O-O c6 10. c4 a5 11. Nxe4 Bxe4 12. Qb3 Qc8 13. Rfc1 a4 14. Qd1 Qd8 15.
Bd3 Bxd3 16. Qxd3 Qa5 17. e4 dxe4 18. Qxe4 Rfe8 19. Ne5 Rad8 20. Rd1 Nxe5 21.
Bxe5 Qb4 22. Qe2 Bd6 23. Rac1 h6 24. a3 Qa5 25. Qe3 Bf8 26. Qg3 Rd7 27. Rd3 Qd8
28. Rcd1 Qg5 29. Qf3 Red8 30. Qe4 Re8 31. Rg3 Qd8 32. Rgd3 Bd6 33. Qf4 Bxe5 34.
Qxe5 Qf6 35. Qxf6 gxf6 36. f4 Red8 37. Kf2 h5 38. g3 Kf8 39. Ke3 Ke7 40. b3 Ra8
41. bxa4 Rxa4 42. Rc1 Kd6 43. Rb3 Kc7 44. g4 hxg4 45. hxg4 Rd8 46. g5 fxg5 47.
fxg5 Ra5 48. Rf1 Rd7 49. c5 Ra4 50. Rd3 Rc4 51. Rf6 Rc1 52. g6 fxg6 53. Rxg6
Re1+ 54. Kd2 Re4 55. Kc3 Re1 56. Rf6 Rg7 57. Rdf3 Kb8 58. Rf7 Rxf7 59. Rxf7 Ka7
60. Re7 Ka6 61. Kc4 Rc1+ 62. Kb4 Rd1 63. Kc4 Re1 64. Kb4 Re4 65. Kc4 Ka7 66. Kd3
Re1 67. Kc4 Ra1 68. Kb4 Re1 69. Kc4 Kb8 70. a4 Kc8 71. a5 Ra1 72. Rxe6 Rxa5 73.
Re7 Ra4+ 74. Kd3 Ra1 75. Kc4 Rc1+ 76. Kd3 Rd1+ 77. Kc4 Kb8 78. Rg7 Ka7 79. Kc3
Ka6 80. Kc4 Rc1+ 81. Kb4 Rb1+ 82. Kc4 Rc1+ 83. Kb4 Ka7 84. Kb3 Kb8 85. Kb4 Rd1
86. Kc4 Re1 87. Kd3 Kc8 88. Kc4 Re8 89. Kb4 Rd8 90. Kc4 Rd7 91. Rg8+ Kc7 92. Rg6
Rf7 93. Re6 Kd7 94. Rh6 Ke7 95. Rg6 Kd7 96. Rh6 Kc7 97. Rg6 Rd7 98. Rh6 b5+ 99.
cxb6+ Kxb6 100. Rg6 Kc7 101. Rh6 Rd6 102. Rxd6 Kxd6 103. Kc3 Kd5 104. Kd3 c5
105. dxc5 Kxc5 1/2-1/2